Statistics for Colonies of the British Empire - Map Quiz

Click here to take the quiz!

General Stats

  • This quiz has been taken 304 times
  • The average score is 34 of 61

Answers on the Map

Answers color-coded by a green-red scale on the quiz's map according to % correct below.
 

Answer Stats

Answer% Correct
Canada
92%
United Kingdom
86%
Australia
84%
Ireland
83%
India
82%
Pakistan
80%
Egypt
79%
Burma
76%
Guyana
76%
Nigeria
75%
Cyprus
74%
Malaya & British North Borneo
74%
South Sudan
74%
Iraq
73%
Papua New Guinea
73%
Sudan
73%
British Honduras
71%
South Africa
71%
Syria
70%
Ceylon
68%
New Zealand
64%
Gold Coast
62%
Jamaica
62%
Sierra Leone
62%
Kenya
61%
Maldives
61%
Uganda
61%
Malta
60%
Mauritius
60%
South-West Africa
60%
Seychelles
58%
Tanganyika & Zanzibar
58%
Kuwait
56%
Oman
56%
Swaziland
56%
Southern Rhodesia
55%
Northern Rhodesia
52%
Solomon Islands
52%
Qatar
51%
Transjordan
49%
Aden
47%
Fiji
46%
Nauru
46%
Trinidad & Tobago
46%
Palestine
43%
Trucial States
43%
Nyasaland
42%
Gambia
41%
Bechuanaland
40%
Basutoland
39%
Tonga
38%
Brunei
34%
New Hebrides
34%
Bahrain
33%
Singapore
32%
Antigua & Barbuda
20%
Barbados
20%
Dominica
19%
Grenada
19%
St. Lucia
16%
St Kitts & Nevis
14%

Score Distribution

Percentile by Number Answered

Percent of People with Each Score

Your Score History

You have not taken this quiz